000 00601nam a2200241 a 4500
001 nice12345678
003 IN_TiNIC
005 20260116011410.0
008 050524s1871 luca grp 000 0 per
020 _a
_c100
082 0 0 _a297.1227
_bTAS
100 _aTasleem, Anwar Hussain
245 _aTafseer-I-Hussaini
260 _aLucknow
_bNaval Kishore
_c1871
300 _a489p
500 _aincludes index and biblioraphy
505 2 _aFour Parts Boun Together
650 _aQuran-Hermeneutics
700 1 _aTasleem, Anwar Hussain
902 _bSRS
942 _cBK
999 _c1178
_d1178